000 00483nam a2200217Ia 4500
008 210210b1936 xxu||||| |||| 00| 0 eng d
041 _aeng
082 _a334/59
100 _aSHIRRAS (G F)
245 _aScience of public finance: Vol I
260 _aLondon
_bMacmillan & Co. Ltd.
_c1936
440 _a1
650 _aVol
650 _aScience
650 _apublic
650 _aof
650 _aI
650 _afinance:
690 _aPublic Finance
906 _a004323
999 _c124376
_d124376